[Event "Dundee & Angus Minor"]
[Site "Dundee"]
[Date "2015.10.10"]
[Round "3"]
[White "White, Geoff"]
[Black "Bridges, David"]
[Result "1-0"]
[WhiteElo "1104"]
[BlackElo "1240"]
[PlyCount "95"]
[EventDate "2015.10.09"]
[EventType "swiss"]
[EventRounds "5"]
[EventCountry "SCO"]
[SourceTitle "EXT 2023"]
[Source "ChessBase"]
[SourceDate "2022.10.05"]
[SourceVersion "1"]
[SourceVersionDate "2022.10.05"]
[SourceQuality "1"]

1. g4 e5 2. Bg2 d6 3. h3 Ne7 4. c3 g6 5. b4 Bg7 6. e4 0-0 7. h4 b6 8. d3 Bb7 9. Qb3 Nd7 10. g5 c5 11. a4 cxb4 12. cxb4 Rc8 13. Nc3 Nc6 14. h5 Nd4 15. Qa2 Kh8 16. Qb2 Rg8 17. Nge2 Nxe2 18. Kxe2 Bf8 19. Rh3 Be7 20. f4 f6 21. hxg6 Rxg6 22. f5 Rg7 23. g6 Qc7 24. Bd2 Nb8 25. Bh6 Rgg8 26. g7+ Rxg7 27. Bxg7+ Kxg7 28. Kd2 Kh8 29. Rah1 Bf8 30. Rxh7+ Qxh7 31. Rxh7+ Kxh7 32. Qb3 Bh6+ 33. Ke2 Rg8 34. Bf3 Nc6 35. Qf7+ Rg7 36. Qxf6 Nd4+ 37. Kf2 Bf4 38. Ne2 Nc2 39. Nxf4 exf4 40. Qh4+ Kg8 41. Qxf4 Nxb4 42. Qxd6 Nc6 43. e5 Na5 44. f6 Rf7 45. Bh5 Rf8 46. f7+ Kg7 47. Qg6+ Kh8 48. Qh6# 1-0